[Event "Scarborough CC Frost U1400"]
[Site "Toronto"]
[Date "2012.01.26"]
[Round "4"]
[White "Pulogarajah, Kaarthic"]
[Black "Pakerathan, Thurvan"]
[Result "0-1"]
[WhiteElo "1053"]
[BlackElo "867"]
[PlyCount "61"]
[EventDate "2012.01.05"]
[EventType "swiss"]
[EventRounds "6"]
[EventCountry "CAN"]
[SourceTitle "EXT 2022"]
[Source "ChessBase"]
[SourceDate "2021.10.06"]
[SourceVersion "1"]
[SourceVersionDate "2021.10.06"]
[SourceQuality "1"]

1. e4 e5 2. d4 d6 3. Nf3 Bg4 4. h3 Bxf3 5. Qxf3 exd4 6. Bc4 Nf6 7. Bg5 h6 8. Bxf6 Qxf6 9. 0-0 Na6 10. Bxa6 bxa6 11. e5 Qxf3 12. gxf3 dxe5 13. c3 dxc3 14. Nxc3 0-0-0 15. Rad1 Rxd1 16. Rxd1 Bb4 17. Nd5 Rd8 18. a3 c6 19. axb4 Rxd5 20. Rxd5 cxd5 21. Kf1 e4 22. fxe4 dxe4 23. Ke2 f5 24. Ke3 Kb7 25. f3 exf3 26. Kxf3 Kb6 27. h4 Kb5 28. h5 Kxb4 29. Kf4 Kb3 30. Kxf5 Kxb2 31. Kg6 0-1

[Event "Scarborough CC Falling Leaves U1400"]
[Site "Toronto"]
[Date "2011.12.01"]
[Round "5"]
[White "Ming, Qing"]
[Black "Pakerathan, Thurvan"]
[Result "1-0"]
[WhiteElo "1147"]
[BlackElo "1096"]
[PlyCount "94"]
[EventDate "2011.11.03"]
[EventType "swiss"]
[EventRounds "7"]
[EventCountry "CAN"]
[SourceTitle "EXT 2022"]
[Source "ChessBase"]
[SourceDate "2021.10.06"]
[SourceVersion "1"]
[SourceVersionDate "2021.10.06"]
[SourceQuality "1"]

1. g3 e5 2. Bg2 Nc6 3. d3 Bb4+ 4. Bd2 a5 5. a3 Bc5 6. Nc3 Nf6 7. Ne4 d5 8. Nxc5 b6 9. Nb3 a4 10. Nc1 Ng4 11. h3 Nh6 12. c4 Be6 13. Nf3 0-0 14. Bxh6 gxh6 15. 0-0 dxc4 16. d4 Ra5 17. e3 e4 18. Nh4 Qd5 19. f3 f5 20. fxe4 fxe4 21. Rxf8+ Kxf8 22. Qf1+ Ke7 23. Ne2 Qh5 24. Rb1 Qd5 25. Nc3 Qg5 26. Nxe4 Qxe3+ 27. Qf2 Qxd4 28. Rf1 Qxf2+ 29. Rxf2 Ne5 30. Nf5+ Bxf5 31. Rxf5 Ke6 32. Rf6+ Kd5 33. Nc3+ Kd4 34. Rxh6 Nd3 35. Rh4+ Ke3 36. Rxc4 Nxb2 37. Rxc7 Rc5 38. Rxc5 bxc5 39. Nxa4 Nxa4 40. Kf1 c4 41. Bd5 c3 42. Bb3 Nc5 43. Bd1 Kd2 44. a4 Nxa4 45. Bxa4 h5 46. g4 c2 47. Bxc2 Kxc2 1-0